|
|
|
|
| LEADER |
00810nab#a2200313#ar4500 |
| 001 |
000047876 |
| 003 |
SVKKK |
| 005 |
20040329105435.0 |
| 008 |
c2003 xo e slo |
| FMT |
|
|
|
| 015 |
|
|
|a SNBRB2004/03-ccccc
|
| 038 |
|
|
|a SVKKK
|
| 040 |
|
|
|a SVKKK
|b slo
|e AACR2
|
| 041 |
0 |
|
|a slo
|b eng
|
| 044 |
|
|
|a xo
|c SK
|
| 080 |
|
|
|a 061.2(437.6)
|2 1997
|
| 080 |
|
|
|a 504.06:061.2(437.6)
|2 1997
|
| 100 |
1 |
|
|a Jech, Pavel
|4 aut
|
| 245 |
1 |
0 |
|a Jubilant v priemyselnej ekológii
|c Pavel Jech
|
| 300 |
|
|
|b Obr.
|
| 504 |
|
|
|a Res. angl. v summary
|
| 610 |
2 |
4 |
|a Asociácia priemyselnej ekológie na Slovensku
|
| 650 |
0 |
4 |
|a ekológia priemyselná
|
| 773 |
0 |
|
|t XXI. storočie
|x 1335-874X
|g Roč. 6, č. 1 (2003), s. 28-29
|
| 958 |
|
|
|a SK
|
| 992 |
|
|
|a RBX
|
| BAS |
|
|
|
| 852 |
|
|
|a SVKKK
|b BIB
|
| 998 |
|
|
|a GEO
|